| 000 | 00971nam a22003017a 4500 | ||
|---|---|---|---|
| 001 | BR9402346 | ||
| 003 | BR-BrBNA | ||
| 005 | 20230928093958.0 | ||
| 007 | ta | ||
| 008 | 230509b bl.||||| |||| 00| 0 por d | ||
| 040 |
_aBR-BrBNA _bpor _cBiblioteca Nacional de Agricultura |
||
| 041 | _a(Por) | ||
| 072 |
_aP34; F04 _b0150 _b3855 |
||
| 090 | _ 0150 BR9402346 | ||
| 100 | 1 | _aAssis, V.L.G. de | |
| 110 | 1 |
_aEscola Superior de Agronomia Luiz de Queiroz, Piracicaba, SP (Brasil) _0Tese (Doutor em Agronomia) _94404 |
|
| 245 | 1 | _aUso de Sesbania rostrata Brem como fonte de nitrogenio para o arroz irrigado | |
| 260 | 3 |
_aPiracicaba, SP (Brasil): _c1992. |
|
| 300 | _a80 p. | ||
| 500 | _a10 graphs; 22 tables; Summaries (Eng, Por); Bibliography p. 56-68 (82 ref.) | ||
| 650 | _aArroz Irrigado | ||
| 650 | _aNitrogenio | ||
| 650 | _aAdubo Verde | ||
| 650 | _aFixacao de Nitrogenio | ||
| 650 | _aNodulacao | ||
| 909 |
_a202309 _bLucia _c55 _dLucia Elande |
||
| 942 | _cBK | ||
| 999 |
_c48249 _d48249 |
||